ঢ়
ক্ষ
ড়
ঢ়
য়
র-ফলা‌‌‌
 
 
য-ফলা
ি
 
 
রেফ
 
 
 
যুক্ত করুন/হসন্ত
Space
Enter

Shorter constitution of India / (Record no. 1322)

000 -LEADER
fixed length control field 00663nam a2200229 a 4500
001 - CONTROL NUMBER
control field 8876
003 - CONTROL NUMBER IDENTIFIER
control field BD-DhUAP
005 - DATE AND TIME OF LATEST TRANSACTION
control field 20200205144145.0
008 - FIXED-LENGTH DATA ELEMENTS--GENERAL INFORMATION
fixed length control field 200204s1996 ii b 1 00eng eng d
020 ## - INTERNATIONAL STANDARD BOOK NUMBER
International Standard Book Number 8120310004
040 ## - CATALOGING SOURCE
Original cataloging agency BD-DhUAP
Transcribing agency BD-DhUAP
Language of cataloging Eng
Modifying agency BD-DhUAP
082 00 - DEWEY DECIMAL CLASSIFICATION NUMBER
Edition number 23
Classification number 342.54 BAS
100 ## - MAIN ENTRY--PERSONAL NAME
Personal name Das, Basu Durga.
245 ## - TITLE STATEMENT
Title Shorter constitution of India /
Statement of responsibility, etc. Basu Durga Das.
250 ## - EDITION STATEMENT
Edition statement 12th ed.
260 ## - PUBLICATION, DISTRIBUTION, ETC.
Place of publication, distribution, etc. New Delhi :
Name of publisher, distributor, etc. Prentice hall,
Date of publication, distribution, etc. c1996.
300 ## - PHYSICAL DESCRIPTION
Extent xcii, 1402 pages ;
Dimensions 24 cm.
500 ## - GENERAL NOTE
General note Includes index.
650 #0 - SUBJECT ADDED ENTRY--TOPICAL TERM
Topical term or geographic name entry element Constitutional law
Geographic subdivision India.
9 (RLIN) 6989
942 ## - ADDED ENTRY ELEMENTS (KOHA)
Source of classification or shelving scheme
Koha item type Book
Koha issues (borrowed), all copies 4
Holdings
Withdrawn status Lost status Source of classification or shelving scheme Damaged status Not for loan Permanent Location Current Location Shelving location Date acquired Full call number Barcode Date last seen Copy number Price effective from Koha item type
          UAP Central Library UAP Central Library General Stacks 2020-02-05 342.54 BAS 3010008876 2020-02-05 1 2020-02-05 Book

All rights reserved © UAP Central Library,
University of Asia Pacific.